Franklin D. Roosevelt : thirty-second president of the United States /

Follows the life and career of America's thirty-second president, who led the country through the Depression and was elected to four terms in the White House.

Bibliographic Details
Main Author: Osinski, Alice
Format: Book
Language:English
Published: Chicago : Childrens Press, 1987.
Series:Encyclopedia of presidents.
Subjects:

MARC

Tag First Indicator Second Indicator Subfields
LEADER 00000cam a2200000 a 4500
001 in00000030322
005 20151007060301.0
008 870618s1987 ilua j 00110beng
010 |a  87017104  
020 |a 0516013955 
035 |a (OCoLC)16278002 
035 |9 AAC0488AM 
040 |a DLC  |c DLC  |d TXA  |d UtOrBLW 
043 |a n-us--- 
049 |a [Curr Col] TXAM  |c [A11032627] 
050 0 0 |a E807  |b .O84 1987 
082 0 |a 973.917/092/4  |a B  |a 92  |2 19 
100 1 |a Osinski, Alice. 
245 1 0 |a Franklin D. Roosevelt :  |b thirty-second president of the United States /  |c by Alice K. Osinski ; consultant, Charles Abele. 
264 1 |a Chicago :  |b Childrens Press,  |c 1987. 
300 |a 98 pages :  |b illustrations ;  |c 24 cm. 
336 |a text  |b txt  |2 rdacontent 
337 |a unmediated  |b n  |2 rdamedia 
338 |a volume  |b nc  |2 rdacarrier 
490 1 |a Encyclopedia of presidents 
500 |a Includes index. 
520 |a Follows the life and career of America's thirty-second president, who led the country through the Depression and was elected to four terms in the White House. 
600 1 0 |a Roosevelt, Franklin D.  |q (Franklin Delano),  |d 1882-1945  |x Juvenile literature. 
650 0 |a Presidents  |z United States  |v Biography  |v Juvenile literature. 
651 0 |a United States  |x Politics and government  |y 1933-1945  |x Juvenile literature. 
600 1 1 |a Roosevelt, Franklin D.  |q (Franklin Delano),  |d 1882-1945. 
650 1 |a Presidents. 
830 0 |a Encyclopedia of presidents. 
999 |a MARS 
999 f f |s e10c298a-2edd-32c1-bd0b-f5ea33c19af3  |i d0fa4c52-4dfa-3f34-a8a8-4c335c09d21e  |t 0 
952 f f |p normal  |a Texas A&M University  |b College Station  |c Sterling C. Evans Library  |d Evans: Curriculum Collection (4th floor)  |t 0  |e E807 .O84 1987  |h Library of Congress classification  |i unmediated -- volume  |m A14822260673 
998 f f |a E807 .O84 1987  |t 0  |l Evans: Curriculum Collection (4th floor)